| 000 | 00683nam a2200229 a 4500 | ||
|---|---|---|---|
| 005 | 20250620063850.0 | ||
| 008 | 160819s2014 mx r 000 0 spa d | ||
| 020 | _a9788427720633 | ||
| 035 | _aUPN01000212465 | ||
| 049 | _aCG | ||
| 050 | 4 |
_aHD58.7 _bB7.2 |
|
| 100 | 1 |
_aBriasco, Irma _939418 |
|
| 245 | 1 | 0 |
_aEl desafío de emprender en el siglo XXI : _bherramientas para desarrollar la competencia emprendedora / _cIrma Briasco. |
| 260 |
_aMadrid : _bNarcea, _c2014. |
||
| 300 | _a174 p. | ||
| 440 | 0 | _aGuías para la formación | |
| 650 | 2 |
_aCultura corporativa _911646 |
|
| 650 | 4 |
_aEducación no formal _99143 |
|
| 905 | _aLibro | ||
| 999 |
_c184565 _d184565 |
||